[Event "Belgrade-chT Quality"]
[Site "Belgrade"]
[Date "2018.09.20"]
[Round "4.6"]
[White "Kovacevic, Marjan D"]
[Black "Djordjevic, Dejan P"]
[Result "0-1"]
[WhiteElo "2189"]
[BlackElo "1936"]
[PlyCount "123"]
[EventDate "2018.09.17"]
[EventType "team-tourn"]
[EventRounds "11"]
[EventCountry "SRB"]
[SourceTitle "CBM 186 Extra"]
[Source "ChessBase"]
[SourceDate "2018.08.24"]
[SourceVersion "1"]
[SourceVersionDate "2018.08.24"]
[SourceQuality "1"]
[WhiteTeam "Belgrade CC"]
[BlackTeam "Belgrade PTT"]
[WhiteTeamCountry "SRB"]
[BlackTeamCountry "SRB"]

1. d4 e6 2. Nf3 Nf6 3. e3 Be7 4. Bd3 d5 5. Nbd2 Nbd7 6. b3 0-0 7. Bb2 b6 8. Ne5 Bb7 9. f4 c5 10. 0-0 a6 11. a4 Bd6 12. Qe2 Qe7 13. Ndf3 Ne4 14. g4 f6 15. Nxd7 Qxd7 16. c4 a5 17. Rad1 Qe7 18. Qc2 Rac8 19. Bxe4 dxe4 20. Nd2 f5 21. gxf5 exf5 22. d5 Kf7 23. Nb1 Ke8 24. Qg2 Kd7 25. Kh1 Rg8 26. Qh3 g6 27. Nc3 Ba6 28. Rg1 Rcf8 29. Rg5 Kc7 30. Qg3 Kb8 31. Rg1 Qf7 32. Qf2 h6 33. R5g2 Be7 34. Nd1 Ka7 35. Be5 Rd8 36. Qb2 g5 37. Qd2 g4 38. Nc3 Bd6 39. Ne2 h5 40. Qb2 Rg6 41. Ng3 h4 42. Ne2 Bf8 43. h3 g3 44. Nxg3 hxg3 45. Rxg3 Rxg3 46. Rxg3 Qh5 47. Qd2 Bb7 48. Kh2 Rd7 49. Rg8 Bd6 50. Rg7 Rxg7 51. Bxg7 Qf3 52. Be5 Bxe5 53. fxe5 f4 54. d6 Qg3+ 55. Kh1 Qxh3+ 56. Kg1 fxe3 57. Qg2 e2 58. Qxh3 e1Q+ 59. Kh2 e3 60. Qd7 Qf2+ 61. Kh3 Qf3+ 62. Kh4 0-1

[Event "Belgrade-chT Premier"]
[Site "Belgrade"]
[Date "2017.09.21"]
[Round "4.3"]
[White "Radojicic, Aleksandar M"]
[Black "Kovacevic, Marjan D"]
[Result "0-1"]
[WhiteElo "1909"]
[BlackElo "2175"]
[PlyCount "88"]
[EventDate "2017.09.18"]
[EventType "team"]
[EventRounds "9"]
[EventCountry "SRB"]
[SourceTitle "CBM 180 Extra"]
[Source "ChessBase"]
[SourceDate "2017.10.06"]
[SourceVersion "1"]
[SourceVersionDate "2017.10.06"]
[SourceQuality "1"]
[WhiteTeam "Delfin"]
[BlackTeam "Belgrade"]
[WhiteTeamCountry "SRB"]
[BlackTeamCountry "SRB"]

1. d4 d5 2. c4 e6 3. Nc3 a6 4. cxd5 exd5 5. Qc2 Nc6 6. Nf3 Be6 7. Bg5 Qd7 8. Qd2 h6 9. Bh4 g5 10. Bg3 Nf6 11. e3 Nh5 12. Ne5 Nxe5 13. Bxe5 f6 14. Be2 g4 15. Bg3 Nxg3 16. hxg3 0-0-0 17. a3 h5 18. b4 Rh7 19. Bd1 b6 20. Ba4 c6 21. Rc1 Kb7 22. Ne2 Rc8 23. Nf4 Bf7 24. Bc2 Rh6 25. Bd3 Ra8 26. Qc2 a5 27. Bf5 Qd6 28. b5 c5 29. dxc5 bxc5 30. 0-0 h4 31. Bxg4 hxg3 32. fxg3 Qe5 33. Qd2 Kb6 34. a4 c4 35. Qd4+ Bc5 36. Nxd5+ Bxd5 37. Qxe5 fxe5 38. Rc3 Bb4 39. Rc2 c3 40. Bf3 e4 41. Rd1 Bc4 42. Rd4 Bd3 43. Ra2 Rah8 44. Kf2 Rh1 0-1